Pokémons aux Types Uniques - Statistiques

Statistiques générales
  • Ce quiz a été pris 76 fois
  • Le résultat moyen est 37 sur 44
Statistiques - réponses
Hint Réponse % Correct
Eau/Normal Castorno
95%
Glace/Plante Blizzi...
90%
Électrik/Plante Voltorbe de Hisui...
90%
Plante/Eau Nénupiot
88%
Eau/Acier Pingoléon
88%
Sol/Feu Chamallot...
86%
Poison/Spectre Fantominus...
86%
Feu/Acier Heatran
86%
Feu/Normal Hélionceau...
86%
Glace/Spectre Momartik
86%
Poison/Vol Noferapti...
86%
Électrik/Poison Toxizap...
86%
Psy/Sol Balbuto...
84%
Plante/Roche Lilia...
84%
Électrik/Eau Loupio...
84%
Spectre/Insecte Munja
84%
Psy/Électrik Raichu d'Alola
84%
Ténèbres/Psy Sépiatop...
84%
Fée/Roche Strassie...
84%
Roche/Combat Terrakium
84%
Eau/Feu Volcanion
84%
Fée/Insecte Bombydou...
83%
Fée/Glace Feunard d'Alola
83%
Électrik/Normal Galvaran...
83%
Fée/Combat Garde-de-Fer
83%
Fée/Ténèbres Grimalin...
83%
Électrik/Spectre Motisma
83%
Glace/Acier Sabelette d'Alola...
83%
Ténèbres/Acier Scalpion...
83%
Fée/Poison Smogogo de Galar
83%
Ténèbres/Roche Tyranocif
83%
Sol/Combat Fort-Ivoire
81%
Glace/Insecte Frissonille...
81%
Glace/Sol Marcacrin...
81%
Fée/Dragon Méga Altaria
81%
Ténèbres/Électrik Morpeko
81%
Acier/Poison Vrombi...
81%
Spectre/Normal Zorua de Hisui...
81%
Glace/Combat Crabominable
79%
Glace/Électrik Galvagla
79%
Ténèbres/Insecte Gambex
79%
Poison/Normal Gribouraigne...
79%
Dragon/Roche Ptyranidur...
79%
Plante/Feu Scovilain
79%
Aucun quiz correspondant
Distribution des résultats
% des personnes avec chaque résultat
Percentile par nombre de réponses
Votre historique - résultats
Vous n’avez pas pris ce quiz